商業動態統計年報 = Yearbook of the current survey of commerce

Zapisane w:
Opis bibliograficzny
Korporacja: 通商産業大臣官房調査統計部編
Format: Książka
Język:Undetermined
Wydane: 東京 通商産業調査会 1975
Hasła przedmiotowe:
Etykiety: Dodaj etykietę
Nie ma etykietki, Dołącz pierwszą etykiete!
Thư viện lưu trữ: Trung tâm Học liệu Trường Đại học Cần Thơ
LEADER 00575nam a2200193Ia 4500
001 CTU_93598
008 210402s9999 xx 000 0 und d
082 |a 380.1 
082 |b S559 
110 |a 通商産業大臣官房調査統計部編 
245 0 |a 商業動態統計年報 = 
245 0 |b Yearbook of the current survey of commerce 
245 0 |c 通商産業大臣官房調査統計部編 
260 |a 東京 
260 |b 通商産業調査会 
260 |c 1975 
650 |a Commerce 
904 |i Ngoc 
980 |a Trung tâm Học liệu Trường Đại học Cần Thơ